Vista normal
Vista MARC
- RENFE-Operadora
Entrada Nombre corporativo
Número de registros utilizados en: 1
001 - NÚMERO DE CONTROL
- campo de control: 2361
003 - IDENTIFICADOR DEL NÚMERO DE CONTROL
- campo de control: ES-MaFIAP
005 - FECHA Y HORA DE LA ÚLTIMA TRANSACCIÓN
- campo de control: 20231221091102.0
008 - DATOS DE LONGITUD FIJA
- campo de control de longitud fija: 231221|| aca||aabn | a|a d
040 ## - FUENTE DE LA CATALOGACIÓN
- Centro catalogador/agencia de origen: ES-MaFIAP
- Centro/agencia transcriptor: ES-MaFIAP
110 ## - ENCABEZAMIENTO-NOMBRE DE ENTIDAD CORPORATIVA
- Nombre de entidad corporativa o nombre de jurisdicción como elemento de entrada: RENFE-Operadora
- Unidad subordinada: Direccion de Accesibilidad, Innovación y Sostenibilidad
670 ## - FUENTE DE DATOS ENCONTRADOS
- Cita de la fuente: Work cat.: (ES-MaFIAP)933: RENFE-Operadora Direccion de Accesibilidad, Innovación y Sostenibilidad, Entra, Renfe te lleva , D.L. 2010





